000 00704nam a2200217 i 4500
001 bg
100 1 _aSZLOSEK, Franciszek
245 1 0 _aWstęp do dydaktyki przedmiotów zawodowych /
_cFranciszek Szlosek.
260 _aRadom :
_bWydział Nauczycielski Wyższej Szkoły Inżynierskiej im. K[azimierza] Pułaskiego :
_bInstytut Technologii Eksploatacji,
_c1995.
300 _a216, [1] s. ;
_c24 cm.
504 _aBibliogr. 213-217.
650 9 _aSzkolnictwo zawodowe
_xnauczanie
655 _aPodręczniki
020 _a8386148322 (ITE)
040 _cBPK
041 0 _apl
080 _a377:371.3](07)
920 _a83-86148-32-2 (ITE)
942 _cKS
008 s pl f |000 0 pol
999 _c31137
_d31137
856 _uhttp://koha.tu.koszalin.pl/cgi-bin/koha/opac-detail.pl?biblionumber=31137
_yKatalog online BPK